000 04654cgm a2200961Ma 4500
001 on1037218809
003 OCoLC
005 20200828164336.0
007 vd cvaizq
008 060908s2006 cau154 g vleng d
040 _aFSP
_beng
_cFSP
_dBRL
_dOCLCF
_dOCLCO
_dMLM
_dLKC
_dOCLCO
_dSDG
_dOCLCO
_dOCLCQ
_dOCLCO
_dWACOL
020 _a1419827170
020 _a9781419827174
020 _a1419827189
020 _a9781419827181
024 1 _a012569723511
024 1 _a085391101826
028 4 2 _a72351
_bWarner Home Video
035 _a(OCoLC)1037218809
037 _bMidwest Tape
_nhttp://www.midwesttapes.com
041 1 _aeng
_aspa
_jeng
_jfre
_jspa
_heng
050 1 4 _aPN1995.9.S77
_bS8747636 2006
060 4 _aSup
082 1 4 _a813.6
082 0 4 _a813.6
_bSUP
092 _aDVD
_bSup
049 _aWACL
245 0 0 _aSuperman returns /
_cWarner Bros. Pictures presents in association with Legendary Pictures in association with Bad Hat Harry ; produced by Gilbert Adler, Jon Peters, Bryan Singer ; story by Bryan Singer & Michael Dougherty & Dan Harris ; screenplay by Michael Dougherty & Dan Harris ; directed by Bryan Singer.
264 1 _aBurbank, CA :
_bWarner Home Video,
_c[2006]
264 4 _c�2006
300 _a1 videodisc (154 min.) :
_bsound, color ;
_c4 3/4 in.
336 _atwo-dimensional moving image
337 _avideo
338 _avideodisc
538 _aDVD; region 1; dual-layer presentation.
546 _aClosed-captioned; dialogue in English (Dolby Digital 5.1 surround) or Spanish (Dolby Digital 5.1 surround) with optional subtitles in English, French or Spanish.
511 1 _aBrandon Routh, Kate Bosworth, Kevin Spacey, James Marsden, Parker Posey, Frank Langella, Sam Huntington, Eva Marie Saint.
508 _aDirector of photography, Newton Thomas Sigel ; editors, Elliot Graham, John Ottman ; theme music, John Williams ; music, John Ottman ; costume designer, Louise Mingenbach ; production designer, Guy Hendrix Dyas.
500 _aBased on the characters created by Jerry Siegel and Joe Shuster.
521 8 _aMPAA rating: PG-13; for some intense action violence.
520 _aFollowing a mysterious absence of several years, the man of Steel returns to Earth. While archenemy Lex Luthor plots to render him powerless once and for all, Superman faces the realization that Lois Lane has moved on with her life.
521 _aDVD
_bDonation
600 1 0 _aLane, Lois
_c(Fictitious character)
_vDrama.
_96370967
600 0 0 _aSuperman
_c(Fictitious character)
_vDrama.
_95709024
650 0 _aEnemies
_vDrama.
_95741551
650 0 _aMan-woman relationships
_vDrama.
_95673977
650 7 _aEnemigo
_vTeatro.
_2bidex
_96370968
650 7 _aRelaciones humanas
_vTeatro.
_2bidex
_95735373
600 1 7 _aLane, Lois
_c(Fictitious character)
_2fast
_0(OCoLC)fst00992102
_96370969
600 0 7 _aSuperman
_c(Fictitious character)
_2fast
_0(OCoLC)fst01138904
_96370970
650 7 _aEnemies.
_2fast
_0(OCoLC)fst01735610
_95760990
650 7 _aMan-woman relationships.
_2fast
_0(OCoLC)fst01007080
_96370971
655 7 _aAction and adventure films.
_2fast
_0(OCoLC)fst01710568
_96370972
655 7 _aDrama.
_2fast
_0(OCoLC)fst01423879
_96370973
655 7 _aFantasy films.
_2fast
_0(OCoLC)fst01710304
_96370974
655 7 _aFeature films.
_2fast
_0(OCoLC)fst01710384
_96370975
655 7 _aSuperhero films.
_2fast
_0(OCoLC)fst01710406
_9102758
655 7 _aVideo recordings for the hearing impaired.
_2fast
_0(OCoLC)fst01710450
_96370976
655 7 _aFeature films.
_2gsafd
_96370975
655 7 _aAdventure films.
_2gsafd
_96370977
655 7 _aFantasy films.
_2gsafd
_96370974
655 7 _aFeature films.
_2lcgft
_96370975
655 7 _aSuperhero films.
_2lcgft
_9102758
655 7 _aAction and adventure films.
_2lcgft
_96370972
655 7 _aFantasy films.
_2lcgft
_96370974
655 7 _aVideo recordings for the hearing impaired.
_2lcgft
_96370976
655 7 _aVideodiscs.
_2lcgft
_95674338
655 7 _aDVD-Video discs.
_2lcgft
_96370978
655 7 _aFantasy
_vFeature.
_2migfg
_95692408
700 1 _aRouth, Brandon.
_973497
700 1 _aSinger, Bryan.
_963758
700 1 _aBosworth, Kate,
_d1983-
_968872
700 1 _aSpacey, Kevin.
_960523
700 1 _aMarsden, James,
_d1973-
_965636
700 1 _aPosey, Parker,
_d1968-
_976575
700 1 _aSigel, Newton Thomas.
_967338
700 1 _aWilliams, John,
_d1932-
_913533
700 1 _aOttman, John.
_966263
700 1 _aSiegel, Jerry,
_d1914-1996.
_96370979
700 1 _aShuster, Joe,
_d1914-1992.
_95736938
710 2 _aWarner Home Video (Firm)
_961103
994 _aC0
_bWACOL
999 _c352894
_d352894